Сочинения Герберта Спенсера. Основания этики: полные переводы, проверенные по последним английским изданиям; в 2 т.; Т. I (Ч. I, II, III); Т. II (Ч. IV, V, VI); Опыты научные, политические и философские. Ч. I
| Tác giả chính: | |
|---|---|
| Tác giả khác: | |
| Tóm tắt: | Два тома в одном переплете, нумерация томов раздельная |
| Ngôn ngữ: | Tiếng Nga |
| Được phát hành: |
Санкт-Петербург, Типография А. А. Пороховщикова, 1899
|
| TOC: | Т. I (Ч. I, II, III); Т. II (Ч. IV, V, VI); Опыты научные, политические и философские. Ч. I; |
| Những chủ đề: | |
| Định dạng: | Sách |
| KOHA link: | https://koha.lib.tpu.ru/cgi-bin/koha/opac-detail.pl?biblionumber=334967 |
MARC
| LEADER | 00000nam0a2200000 4500 | ||
|---|---|---|---|
| 001 | 334967 | ||
| 005 | 20231102004716.0 | ||
| 035 | |a (RuTPU)RU\TPU\book\361287 | ||
| 090 | |a 334967 | ||
| 100 | |a 20170911d1899 km y0rusy50 ca | ||
| 101 | 1 | |a rus | |
| 102 | |a RU | ||
| 105 | |a y z 000zy | ||
| 200 | 1 | |a Сочинения Герберта Спенсера. Основания этики |e полные переводы, проверенные по последним английским изданиям |e в 2 т. |f Г. Спенсер |g под ред. Н. А. Рубакин | |
| 210 | |a Санкт-Петербург |c Типография А. А. Пороховщикова |c Общество печатного дела "Издатель" |d 1899 | ||
| 215 | |a 156, [2], IV, 266, XIII, 209, II, 128 с. | ||
| 300 | |a Два тома в одном переплете, нумерация томов раздельная | ||
| 316 | |5 63413507: 1//37 |a В издании нарушен порядок брошюровки. Т. I, Ч. I расположена в конце книги стр. 1 | ||
| 464 | |t Т. I (Ч. I, II, III) | ||
| 464 | |t Т. II (Ч. IV, V, VI) | ||
| 464 | |t Опыты научные, политические и философские. Ч. I | ||
| 606 | |a Этика |2 stltpush |3 (RuTPU)RU\TPU\subj\21461 |9 46453 | ||
| 610 | 1 | |a этика | |
| 610 | 1 | |a нравственность | |
| 610 | 1 | |a этические понятия | |
| 610 | 1 | |a чувства | |
| 610 | 1 | |a великодушие | |
| 610 | 1 | |a правдивость | |
| 610 | 1 | |a индивидуальная жизнь | |
| 610 | 1 | |a деятельность | |
| 610 | 1 | |a отдых | |
| 610 | 1 | |a этика общественной жизни | |
| 610 | 1 | |a идеи справедливости | |
| 610 | 1 | |a обязанности государства | |
| 610 | 1 | |a альтруизм | |
| 610 | 1 | |a дети | |
| 610 | 1 | |a благотворительность | |
| 610 | 1 | |a помощь бедным | |
| 610 | 1 | |a научные опыты | |
| 610 | 1 | |a политические опыты | |
| 610 | 1 | |a философские опыты | |
| 610 | 1 | |a прогресс | |
| 610 | 1 | |a трансцендетальная физиология | |
| 610 | 1 | |a законы прогресса | |
| 610 | 1 | |a причины прогресса | |
| 610 | 1 | |a нелогическая геология | |
| 686 | |a Ю7 |v LBC/SL-A |2 rubbk | ||
| 700 | 1 | |a Спенсер |b Г. |c английский философ |c социолог |f 1820-1903 |g Герберт |2 stltpush |3 (RuTPU)RU\TPU\pers\1282 |9 576 | |
| 702 | 1 | |a Рубакин |b Н. А. |c книгоиздатель, библиограф |c библиопсихолог, писатель |f 1863-1946 |g Николай Александрович |2 stltpush |3 (RuTPU)RU\TPU\pers\11754 |4 340 |9 2901 | |
| 801 | 1 | |a RU |b 63413507 |c 20170911 | |
| 801 | 2 | |a RU |b 63413507 |c 20170911 |g RCR | |
| 942 | |c BK | ||